000 00231nam a2200097Ia 4500
008 220204s9999 xx 000 0 und d
082 _a55(031)
_bEAR
245 4 _aThe earth
260 _aLondon
_bMarshall cavendish
_c1977
942 _cBK
999 _c27422
_d27422